000 00402nam a22001697a 4500
005 20160627110503.0
008 160627b xxu||||| |||| 00| 0 eng d
020 _a81-207-1993-X
041 _aeng
082 _b10263
100 _aParthararthy, Ranga Swami
_92879
245 _aJournalism in India
260 _bSterling
_c2004
300 _a334
650 _aMass Communication
_92660
942 _cBK
999 _c4174
_d4173